00418nam a2200157Ia 45000010006000000050017000060080041000230410008000640820016000721000036000882450076001242600009002003000035002096500008002446540008002521887920260306171703.0260306s9999||||xx |||||||||||||| ||und|| aESP a658.53bP46 aPérez Rave, Jorge IváneAUT 0aModelación lineal en ingeniería industrial:buna mirada sistémica c2011 axviii, 110 páginas :c24 cm. aGEN aCAN